[Event "EU-Cup 20th"]
[Site "Izmir"]
[Date "2004.10.06"]
[Round "4.1"]
[White "Brynell, Stellan"]
[Black "Rublevsky, Sergei"]
[Result "1/2-1/2"]
[WhiteElo "2473"]
[BlackElo "2649"]
[Annotator "Lutz,C"]
[PlyCount "118"]
[EventDate "2004.10.03"]
[EventType "team-swiss"]
[EventRounds "7"]
[EventCountry "TUR"]
[SourceTitle "CBM 104"]
[Source "ChessBase"]
[SourceDate "2005.01.27"]
[SourceVersion "1"]
[SourceVersionDate "2005.01.27"]
[SourceQuality "1"]
[WhiteTeam "Malmo Linhams"]
[BlackTeam "Kazan Ladya"]
[WhiteTeamCountry "SWE"]
[BlackTeamCountry "RUS"]

1. d4 d5 2. c4 c6 3. Nc3 Nf6 4. e3 a6 5. Qc2 e6 6. Nf3 c5 7. cxd5 exd5 8. Be2
Nc6 9. O-O Be6 10. Rd1 Nb4 11. Qd2 Ne4 12. Nxe4 dxe4 13. a3 exf3 14. Bxf3 Nc6
15. d5 Ne5 16. dxe6 Nxf3+ 17. gxf3 fxe6 18. Qxd8+ {Dieser Abtausch verspricht
Weiß nichts. Im Gegenteil, bald ist es Schwarz, der sich Hoffnung auf Vorteil
machen kann.} (18. Qc2 {1/2-1/2 Aleksandrov,A-Bacrot,E/Izmir 2004/CBM 104/
[Lutz] (34)}) 18... Rxd8 19. Bd2 Be7 20. Ba5 Rd7 21. f4 Bf6 22. a4 Ke7 23. Kf1
Rxd1+ 24. Rxd1 b5 25. axb5 axb5 26. b3 Rb8 {'=/+' Schwarz hat die Entwicklung
vollendet und steht wegen seiner mobilen Mehrheit am Damenflügel besser.} 27.
Bc7 Rc8 28. Be5 c4 29. bxc4 Rxc4 30. Ke2 Rc2+ 31. Kf3 Bxe5 32. fxe5 b4 33. Rb1
Rc4 34. Ke2 g5 35. Kd3 Rh4 36. f4 g4 37. Rb2 Rh3 38. Re2 Kd7 39. Kc4 Kc6 40. e4
Rf3 41. Kxb4 Rxf4 42. Kc4 h5 43. Kd4 Rf3 44. Re3 Rf2 45. h3 Rd2+ 46. Kc4 Rc2+
47. Kd4 Rd2+ 48. Kc4 Ra2 49. hxg4 hxg4 50. Rc3 Rg2 51. Kd4+ Kd7 52. Ra3 g3 53.
Ra7+ Ke8 54. Rg7 Rg1 55. Ke3 g2 56. Kf2 Rf1+ 57. Kxg2 Rf4 58. Kg3 Rxe4 59. Rg5
Kf7 1/2-1/2

[Event "Fraenkische GM 1st"]
[Site "Pulvermuehle"]
[Date "2000.01.21"]
[Round "8"]
[White "Gabriel, Christian"]
[Black "Hamdouchi, Hicham"]
[Result "1/2-1/2"]
[WhiteElo "2564"]
[BlackElo "2513"]
[Annotator "Lutz,C"]
[PlyCount "103"]
[EventDate "2000.01.12"]
[EventType "tourn"]
[EventRounds "9"]
[EventCountry "GER"]
[EventCategory "10"]
[SourceTitle "CBM 075"]
[Source "ChessBase"]
[SourceDate "2000.04.05"]
[SourceVersion "1"]
[SourceVersionDate "2000.04.05"]
[SourceQuality "1"]

1. d4 d5 2. c4 c6 3. Nc3 Nf6 4. e3 e6 5. Nf3 Nbd7 6. Qc2 b6 $5 {Eine weniger
gebräuchliche Alternative zu 6...Bd6, die besonders durch Dreev popularisiert
wurde.} 7. e4 $5 (7. Bd3) (7. Be2) 7... dxe4 8. Nxe4 Nxe4 9. Qxe4 Bb4+ (9...
Bb7 10. Be2 Nf6 11. Qh4 Bb4+ 12. Bd2 Bxd2+ 13. Nxd2 O-O 14. O-O c5 15. Nf3 Ne4
16. Qxd8 Rfxd8 17. Rfd1 Kf8 18. dxc5 Nxc5 $11 {1/2-1/2 Grigutavicius,
D-Linauskas,D/Radviliskis 1995/EXT 97 (37)}) 10. Bd2 Bxd2+ 11. Nxd2 Bb7 12. Bd3
(12. Be2 O-O 13. O-O Qc7 14. Nf3 c5 15. Qe3 {1/2-1/2 Zhidkov,V-Savon,V/Ceske
Budejovice 1995/EXT 97 (15)}) 12... Nf6 $6 {Mir gefällt dieser Aufbau nicht,
da Schwarz mit einem Bauern auf c5 zurücknimmt.} (12... Qc7 $5 {/\ ...c5}) 13.
Qe3 c5 14. dxc5 bxc5 15. Nb3 Rc8 16. O-O-O $5 $14 {Christian Gabriel spielt
immer maximalistisch. Weiß erhält Vorteil auf der d-Linie, aber sein König am
Damenflügel gibt Anlass zum Gegenspiel.} ({Schlichtere Gemüter hätten} 16. O-O
$14 {gewählt, mit einem leichten Vorteil wegen der besseren Bauernstruktur.})
16... Qc7 17. f3 a5 18. Nd2 O-O 19. Nb1 a4 20. Bc2 $1 {Weiß wählt eine
interessante Aufstellung: Der Springer deckt von a3 aus den Pc4 und blockiert
den Pa4, der Bc2 greift den Bauern an.} Ba6 21. Na3 Qc6 (21... Rfd8 22. Rxd8+
Rxd8 23. Bxa4 Rd4 24. Bb3 $16) 22. Rd2 Rb8 ({Der Turmtausch nach} 22... Rfd8
23. Rhd1 {kommt nur dem Weißen entgegen.}) 23. Rhd1 Rb4 24. Rd6 Qc8 25. Qd3 $16
{Weiß kontrolliert die d-Linie und Schwarz hat kein Gegenspiel. Allerdings ist
es in solchen Stellungen nicht einfach, "den Deckel draufzuhalten".} g6 26. Qc3
Nh5 27. Be4 Bb7 28. Bxb7 Rxb7 29. Nb5 Qb8 30. Qe3 (30. g4 Ng7 31. h4) 30... Ng7
31. Qxc5 $2 {Jetzt entwischen die schwarzen Figuren.} (31. g4 Ne8 32. R6d2 (32.
Rd8 Qxh2) 32... Nc7 33. Nc3 $16 {mit klarem Vorteil für Weiß. Er kann sein
Spiel gegen den Pc5 oder den Kg8 richten.} (33. Nd6 Nd5 34. Rxd5 Rxb2 $5))
31... Nf5 32. R6d2 Qf4 33. Kb1 (33. Qc6 Rbb8 34. g3 Qe3 $132) 33... Rbb8 34.
Nd4 Ne3 $132 {Schwarz hat vollwertiges Gegenspiel.} 35. g3 Qh6 36. Rc1 Nxc4 37.
Rdc2 Rfc8 38. Nc6 Rxc6 39. Qxc6 Na3+ 40. Ka1 Nxc2+ 41. Rxc2 $11 a3 42. Qd6
axb2+ 43. Kb1 Rf8 44. Qd3 Qg5 45. f4 Qa5 46. Qc3 Qd5 47. Qxb2 Qa8 48. Ka1 Rd8
49. a3 Rd3 50. Rc3 Rd1+ (50... Rxc3 51. Qxc3 Qh1+ 52. Kb2 Qxh2+ 53. Kb3 {
, und der a-Bauer ist sehr schnell.}) 51. Rc1 Rd3 52. Rc3 1/2-1/2

[Event "ESP-chT"]
[Site "Sanxenxo"]
[Date "2004.11.22"]
[Round "5"]
[White "Vallejo Pons, Francisco"]
[Black "Gurevich, Mikhail"]
[Result "0-1"]
[WhiteElo "2678"]
[BlackElo "2644"]
[Annotator "Lutz,C"]
[PlyCount "115"]
[EventDate "2004.11.18"]
[EventType "team"]
[EventRounds "9"]
[EventCountry "ESP"]
[SourceTitle "CBM 105"]
[Source "ChessBase"]
[SourceDate "2005.04.11"]
[SourceVersion "1"]
[SourceVersionDate "2005.04.11"]
[SourceQuality "1"]

1. d4 d5 2. c4 c6 3. Nc3 Nf6 4. e3 e6 5. Nf3 a6 $5 {Dieses System ist
Gurevichs Spezialtät.} 6. c5 {Weiß schließt die Stellung. Man kann diese
Stellung mit der Variante 1.d4 d5 2.c4 c6 3.Sf3 Sf6 4.Sc3 a6 5.c5 vergleichen.
Im Vergleich wurde e2-e3 und ...e7-e6 eingeschoben. Zwar ist so der Bc8
eingesperrt, aber auch der Bc1, der sonst nach f4 gehen und den Gegenstoß ...
e7(e6)-e5 verhindern könnte.} Nbd7 (6... b6 $5 {wurde seltsamerweise bislang
nicht so häufig gespielt, obwohl dieser Zug recht prinzipiell erscheint.} 7.
cxb6 c5 8. Bd3 Qxb6 9. O-O Nbd7 10. Bc2 Bd6 11. e4 dxe4 12. Nxe4 Nxe4 13. Bxe4
Bb7 14. Bxb7 Qxb7 15. dxc5 Bxc5 16. b3 O-O 17. Bb2 Be7 18. Rc1 Bf6 19. Qe2 Bxb2
20. Qxb2 Nf6 $11 {Gavrikov,V-Kallai,G (Mazatlan rapid 1988)}) 7. b4 g6 {
Das schwarze Gegenspiel beruht auf dem Gegenstoß ...e6-e5.} (7... a5 $2 8. b5
e5 9. Qa4 Qc7 10. Ba3 e4 $6 11. Nd2 Be7 12. b6 $18 {1-0 Kasparov,G-Comp Fritz
X3D/New York 2003/CBM 98/[Lutz] (45)}) 8. Bb2 (8. Bd3 Bg7 9. O-O O-O 10. e4
dxe4 11. Nxe4 Nxe4 12. Bxe4 a5 (12... e5 $5 13. Bg5 $5) 13. Bg5 Nf6 14. a3 h6
15. Bxf6 Qxf6 16. Qd2 Rd8 17. Qe3 Rxd4 $2 18. Nxd4 Qxd4 19. Rad1 Qxe3 20. Rd8+
Kh7 21. fxe3 f5 22. b5 cxb5 23. Bd3 Bf6 24. Re8 b4 25. axb4 a4 26. Bc4 a3 27.
Bxe6 Bxe6 28. Rxa8 Bb2 29. Ra7 Bd5 30. Rd1 {1-0 Gurevich,M-Zhukova,N/St
Vincent 2004/CBM 98 ext (30)}) 8... Bg7 9. Be2 Qc7 (9... O-O 10. O-O Qc7 (10...
Rb8 11. Na4 Qe7 12. Ne5 Nxe5 13. dxe5 Nd7 14. f4 f6 15. exf6 Bxf6 16. Bxf6 Rxf6
17. e4 b5 18. e5 Rf7 19. Nb2 a5 20. a3 $16 Ra8 21. Qd4 axb4 22. axb4 Rxa1 23.
Rxa1 Nf8 24. Nd3 Bd7 25. Nf2 g5 26. fxg5 Qxg5 27. g3 h5 28. Nh3 Qh6 29. Nf4 Rf5
30. Bd3 Rg5 31. Ra8 Rg7 32. Qf2 Rf7 33. Bg6 {1-0 Krasenkow,M-Zvjaginsev,V/
Tripoli 2004/CBM 102 (33)}) 11. Na4 Ne4 12. Ne1 (12. Nd2 $5 Nxd2 13. Qxd2 e5
14. dxe5 Bxe5 15. Bxe5 Nxe5 16. Nb6 Rb8 17. a4 $14 {Bologan}) 12... e5 13. dxe5
Nxe5 14. f3 Nf6 15. Nb6 Rb8 $13 {1-0 Bologan,V-Grischuk,A/Poikovsky 2004/CBM
100/[Lutz] (44)}) 10. Qc2 O-O 11. Na4 Ne4 12. Bd3 f5 13. O-O e5 $11 {Damit
sollte Schwarz den Ausgleich erreicht haben.} 14. Rae1 Re8 15. a3 Qd8 16. Nxe5
Nxe5 17. dxe5 Bxe5 18. Bxe5 Rxe5 19. f3 Nf6 {Formal betrachtet hat Schwarz den
schlechten Läufer und Weiß hat Kontrolle über das Feld d4, aber andererseits
kann sich Schwarz einfach auf die e-Linie stellen.} 20. h3 Qe7 21. Nb6 Rb8 22.
Qf2 Bd7 23. Qh4 Re8 24. Nxd7 Nxd7 25. Qxe7 R5xe7 26. Kf2 Kg7 27. g4 fxg4 28.
hxg4 Ne5 29. Be2 g5 30. Rh1 h6 31. a4 $2 {Das schwächt den Damenflügel und ist
mehr als Weiß sich erlauben kann.} (31. Rd1 Nd7 32. Rd3 $11 {und es sieht
nicht so aus, als könnte irgend jemand einen Vorteil beanspruchen.}) 31... Nd7
32. Bd3 a5 $1 $17 33. bxa5 Nxc5 34. Bf5 Nxa4 35. f4 Nc5 36. fxg5 hxg5 37. Rh5
Kf6 38. Reh1 Rg7 39. Rh6+ Ke5 40. R1h5 Ra8 41. Bg6 Ne4+ 42. Bxe4 dxe4 43. Rh7
Rag8 44. Rh1 Kd5 45. R7h6 Rf8+ 46. Kg2 Rf3 47. Rd1+ Ke5 48. a6 Rxe3 49. Rf1 Ra3
50. Rf5+ Kd4 51. Rd6+ Ke3 52. axb7 Rxb7 53. Rxg5 Kf4 54. Rf5+ Kxg4 55. Rf2 Rg3+
56. Kf1 Rb1+ 57. Ke2 Rb2+ 58. Kf1 0-1

[Event "ESP-chT"]
[Site "Sanxenxo"]
[Date "2004.11.19"]
[Round "2"]
[White "Krasenkow, Michal"]
[Black "Vallejo Pons, Francisco"]
[Result "1/2-1/2"]
[WhiteElo "2676"]
[BlackElo "2678"]
[Annotator "Lutz,C"]
[PlyCount "68"]
[EventDate "2004.11.18"]
[EventType "team"]
[EventRounds "9"]
[EventCountry "ESP"]
[SourceTitle "CBM 105"]
[Source "ChessBase"]
[SourceDate "2005.04.11"]
[SourceVersion "1"]
[SourceVersionDate "2005.04.11"]
[SourceQuality "1"]

1. Nf3 d5 2. d4 Nf6 3. c4 c6 4. Nc3 e6 5. e3 Nbd7 6. Qc2 Bd6 7. g4 h6 8. Bd2
dxc4 $5 {Die Kombination von 7...h6 und 8...dxc4 ist sehr selten.} (8... Qe7 {
ist populärer.}) 9. Bxc4 b5 (9... e5 $6 10. g5 hxg5 11. Nxg5 Nd5 12. Rg1 N7f6
13. Nxf7 $1 Kxf7 14. Qg6+ Ke6 15. e4 $18 Kd7 16. exd5 exd4 17. dxc6+ bxc6 18.
O-O-O Rxh2 19. Nb5 cxb5 20. Bxb5+ Ke6 21. Rge1+ Be5 22. Bc4+ Kd6 23. Bb4+ Kc6
24. Rxe5 Bg4 25. f3 Qb6 26. Qxg7 Rc8 27. Rc5+ Qxc5 28. Bxc5 Kxc5 29. fxg4 Kxc4
30. Qxf6 {1-0 Konopka,M-Balogh,B/Hungary 1995/EXT 97 (30)}) 10. Bd3 (10. Be2 $5
Bb7 11. e4 (11. Rg1 Qe7 12. h4 b4 13. Na4 c5 14. dxc5 Nxc5 15. Nxc5 Bxc5 16.
Ne5 O-O 17. g5 hxg5 18. hxg5 Ne4 19. Bd3 b3 20. axb3 Nxd2 21. Kxd2 Rfc8 22. Nc4
Qd7 23. Ke2 Qd5 24. Rg3 Kf8 25. f3 Bd6 26. Be4 Bxg3 27. Bxd5 exd5 28. Qc3 Kg8
29. g6 fxg6 30. Qb4 Rcb8 31. Qe7 dxc4 32. Qe6+ {1-0 Kolev,A-Drenchev,P/Plovdiv
2003/CBM 97 ext (32)}) 11... b4 12. Na4 Be7 13. Nc5 (13. g5 hxg5 14. Nxg5 Qa5
15. Rg1 c5 16. e5 cxd4 17. exf6 Bxf6 18. Rc1 Rxh2 19. Qc7 Qxc7 20. Rxc7 Bc8 21.
Bxb4 Be5 22. Rc2 Bb7 23. Bf3 Bxf3 24. Nxf3 Rh3 25. Nd2 Rb8 26. Ba3 d3 27. Rc6
Nf6 28. Nc4 Bf4 29. Nc3 g6 30. Bd6 Bxd6 31. Rxd6 Ke7 32. Ra6 Nd5 33. Rxa7+ Kf8
34. Kd2 Rb4 35. b3 Nxc3 36. Kxc3 Rb8 37. Rg3 Rh2 38. Rf3 f5 39. Rxd3 Rxf2 40.
Rg3 f4 41. Rxg6 Rd8 42. Ne5 Re2 43. Rf7+ {1-0 Watson,J-Pozarek,S/Philadelphia
1993/EXT 99 (43)}) 13... Nxc5 14. dxc5 Qa5 15. Rc1 Nd7 16. a3 Qxc5 17. Qa4 Qb6
18. axb4 O-O 19. g5 hxg5 20. Nxg5 a5 21. bxa5 Bxg5 22. Bxg5 Rxa5 23. Qd1 Rxg5
24. Qxd7 Rg2 25. Rf1 Rd8 26. Qe7 c5 27. Qxc5 Qxb2 28. Qc3 Qb6 29. Bf3 Rxh2 30.
Qc5 Qxc5 31. Rxc5 Rd4 32. Rg1 Bxe4 33. Rc8+ Kh7 34. Rg4 f5 35. Bxe4 Rxe4+ 36.
Rxe4 fxe4 37. Ke2 Kg6 38. Ke3 Kf5 39. Rc5+ e5 40. Rc8 Rh3+ 41. Ke2 Rf3 42. Re8
g5 43. Re7 g4 44. Rf7+ Kg6 45. Re7 e3 46. fxe3 Rf5 47. e4 Kf6 48. Re8 Kf7 49.
Rh8 Rf4 50. Ke3 Rf3+ 51. Ke2 Rh3 52. Rc8 Rh2+ 53. Ke3 Rb2 54. Rh8 Kg6 55. Rf8
Kg5 56. Rf5+ Kh4 57. Rxe5 g3 58. Re8 {1/2-1/2 Kempinski,R-Neverov,V/Swidnica
1998/EXT 2003 (58)}) 10... Bb7 11. Rg1 Rc8 $146 (11... b4 $5 12. Ne4 Nxe4 13.
Bxe4 Qb6 14. Rc1 c5 15. g5 Ke7 16. Ne5 Bxe5 17. dxe5 Rac8 18. gxh6 Rxh6 19.
Bxb7 Qxb7 20. e4 Rh7 21. Bf4 Kf8 22. Qd3 Rh4 23. Qe3 Nxe5 24. Rd1 Ng6 25. Bd6+
Kg8 26. f3 c4 27. Rg2 a5 28. Rc2 Qb5 29. Qd4 e5 30. Qd5 Qa6 31. Bc5 Nf4 32.
Qxc4 Qxc4 33. Rxc4 Rxh2 34. Rd2 Rh1+ 35. Kf2 Rh2+ 36. Ke1 Rxd2 37. Kxd2 Ne6 {
0-1 Hoeksema,H-Okkes,M/Netherlands 1993/EXT 97 (37)}) 12. g5 {Weiß öffnet
Linien am Königsflügel, so wie es der Grundidee des Shabalov-Angriffs
entspricht. Nachteilig ist jedoch, dass damit auch der weiße Königsflügel
geschwächt wird und der weiße König keinen sicheren Platz mehr findet.} hxg5
13. Nxg5 Qe7 14. h3 a6 15. Nce4 Nxe4 16. Bxe4 Nf6 17. Rc1 c5 $15 {Mit der
Durchsetzung von ...c6-c5 hat Schwarz ein wesentliches strategisches Ziel
erreicht und kann zufrieden in die Zukunft schauen.} 18. Bxb7 Qxb7 19. Ke2 Bh2
20. Rh1 Qg2 21. dxc5 Rh4 (21... Nh5 $5 22. Ne4 Ng3+ 23. Nxg3 Bxg3 $40) 22. Rxh2
Qxh2 23. Nf3 Qxh3 24. Nxh4 Qxh4 25. c6 Ne4 26. Be1 Qh5+ 27. Kf1 Qh1+ 28. Ke2
Qh5+ 29. Kf1 Qf3 30. Kg1 Ng5 31. Kf1 Qh3+ 32. Ke2 Qh5+ 33. Kf1 Qh1+ 34. Ke2
Qh5+ 1/2-1/2

[Event "Sigeman & Co 12th"]
[Site "Malmo/Copenhagen"]
[Date "2004.05.04"]
[Round "5"]
[White "Beliavsky, Alexander G"]
[Black "Agrest, Evgenij"]
[Result "0-1"]
[WhiteElo "2667"]
[BlackElo "2601"]
[Annotator "Lutz,C"]
[PlyCount "140"]
[EventDate "2004.04.30"]
[EventType "tourn"]
[EventRounds "9"]
[EventCountry "SWE"]
[EventCategory "13"]
[SourceTitle "CBM 101"]
[Source "ChessBase"]
[SourceDate "2004.07.27"]
[SourceVersion "1"]
[SourceVersionDate "2004.07.27"]
[SourceQuality "1"]

1. d4 d5 2. c4 c6 3. Nf3 Nf6 4. Nc3 a6 5. e3 e6 6. b3 Bb4 7. Bd2 Bd6 8. Bd3 c5
9. cxd5 (9. O-O O-O 10. Rc1 (10. Qe2 Nc6 11. Rac1 cxd4 12. exd4 h6 13. Be3 Re8
14. Rfd1 Bd7 15. h3 Qe7 16. Qd2 Qf8 17. Bf4 dxc4 18. Bxd6 Qxd6 19. bxc4 $14 {
1/2-1/2 Schandorff,L-Agrest,E/Aarhus 2003/CBM 98 no vc (47)}) 10... Nc6 11. h3
(11. cxd5 exd5 12. h3 $5) 11... Qe7 $2 (11... cxd4 12. exd4 Ba3 $132) 12. Re1
$1 $14 {1-0 Rogozenko,D-Hultin,J/Gothenburg 2004/CBM 99/[Rogozenko] (39)}) 9...
exd5 10. dxc5 Bxc5 11. O-O O-O 12. Qc2 Nc6 (12... Bg4 $6 13. Ng5 g6 14. h3 Bc8
15. e4 dxe4 16. Ncxe4 Nxe4 17. Nxe4 Bd4 18. Rad1 $36 Bf5 19. Bh6 Re8 20. Ng5
Bxd3 21. Rxd3 Nc6 22. Qc4 Qf6 23. Rf3 Ne5 24. Qxd4 Nxf3+ 25. Nxf3 Qxd4 26. Nxd4
$16 {1-0 Malakhov,V-Popov,I/Moscow 2004/CBM 100 (54)}) 13. Ne2 (13. Nb5 $5 Ne4
$1 14. Nbd4 (14. Bxe4 $2 {Atalik} dxe4 15. Qxc5 exf3 $17) 14... Bxd4 15. Nxd4 (
15. exd4 {Atalik} Bf5 $17) 15... Nxd4 16. exd4 Bf5 $1 17. Bb4 $2 Rc8 18. Qb1
Re8 19. f3 Bg6 $8 $17 {1/2-1/2 Johannessen,L-Atalik,S/Athens 2003/CBM 97/
[Atalik] (46)}) 13... Qe7 14. Bc3 Ne4 15. Rad1 Bd6 $11 16. Ba1 (16. Ng3 $5)
16... Bg4 17. Ng3 Nb4 18. Qb2 f6 $1 19. Qb1 (19. Be2 $5) 19... Bxg3 20. hxg3
Rac8 21. a3 $6 (21. Bb2 $5) 21... Nxd3 22. Qxd3 (22. Rxd3 $5) 22... Rfd8 23. b4
(23. Bb2 $5 Nc5 24. Qc3) 23... Qc7 24. Bd4 Qc2 $17 25. Qxc2 Rxc2 26. Rc1 Rdc8
27. Rxc2 Rxc2 28. Ne1 Ra2 29. Nd3 (29. f3 Nxg3 30. Rf2 Ne2+ (30... Re2 31. Rxe2
Nxe2+ 32. Kf2 Nxd4 33. exd4 $13) 31. Kf1 (31. Rxe2 Rxe2 32. Kf1 Ra2 33. fxg4
Rxa3 $17) 31... Bd7 $17) 29... Rxa3 30. Nc5 Nd6 31. f3 Bf5 32. g4 Bg6 33. Ra1
Rxa1+ 34. Bxa1 Be8 35. Bd4 Kf7 36. Kf2 Bb5 37. Nb3 Nc8 38. Bc3 Bc4 39. Nd4 Nd6
40. Nf5 Nb5 41. Bb2 Bd3 42. Nd4 Nd6 43. Bc3 b6 44. Nb3 Bc4 45. Nd4 Nb7 46. Nc6
Ke8 47. g5 Kd7 48. gxf6 gxf6 49. Nd4 a5 50. bxa5 bxa5 51. e4 dxe4 52. fxe4 a4
53. e5 fxe5 54. Nf3 Nd6 55. Nxe5+ Ke6 56. Ba1 Bd5 57. Nd3 Kf5 58. Nc5 a3 59.
Nd7 Ne4+ 60. Ke3 h5 61. Kd4 Bb7 62. Nb6 a2 63. Kc4 Nd2+ 64. Kc3 Nf1 65. Kb3
Bxg2 66. Kxa2 h4 67. Bd4 h3 68. Bg1 Kg4 69. Na4 Kg3 70. Nc3 Bf3 0-1

[Event "EU-Cup 20th"]
[Site "Izmir"]
[Date "2004.10.06"]
[Round "4.1"]
[White "Maki Uuro, Miika"]
[Black "Johannessen, Leif Erlend"]
[Result "1/2-1/2"]
[WhiteElo "2390"]
[BlackElo "2519"]
[Annotator "Lutz,C"]
[PlyCount "55"]
[EventDate "2004.10.03"]
[EventType "team-swiss"]
[EventRounds "7"]
[EventCountry "TUR"]
[SourceTitle "CBM 104"]
[Source "ChessBase"]
[SourceDate "2005.01.27"]
[SourceVersion "1"]
[SourceVersionDate "2005.01.27"]
[SourceQuality "1"]
[WhiteTeam "Matinkylan"]
[BlackTeam "Oslo"]
[WhiteTeamCountry "FIN"]
[BlackTeamCountry "NOR"]

1. Nf3 Nf6 2. c4 e6 3. Nc3 d5 4. d4 c6 5. e3 Nbd7 6. Qc2 Bd6 7. g4 dxc4 8. Bxc4
e5 9. g5 Nd5 10. Bd2 exd4 11. Nxd4 (11. Qe4+ {1-0 Krasenkow,M-Volkmann,F/
Mallorca 2004/CBM 104/[Lutz] (25)}) 11... O-O 12. O-O-O (12. Nxd5 {0-1
Radjabov,T-Shirov,A/Leon 2004/CBM 102/[Lutz] (47)}) (12. Ne4 {0-1 Gelfand,
B-Shirov,A/Monaco 2004/CBM 99 ext (23)}) (12. Bxd5 {0-1 Aronian,L-Smirnov,P/
Tripoli 2004/CBM 102 (92)}) 12... Ne5 {'?!'} (12... Nb4 13. Qb1 (13. Qb3 Nc5) (
13. Qe4 Re8) 13... Ne5 14. Be2 c5 15. Nf3 Be6 $36) 13. Nxd5 Nxc4 14. Qxc4 (14.
Nf6+ $5 gxf6 15. Qxc4 fxg5 16. Bc3 $44) 14... cxd5 15. Qxd5 Bg4 16. f3 Bh5 17.
Bc3 Rc8 18. Kb1 Re8 19. Ka1 {'+/=' Schwarz hat für den Bauern nicht genügend
Kompensation.} Bf8 20. Qxb7 Qxg5 21. Rhg1 Qc5 22. h4 h6 23. Rde1 Rcd8 24. Qc6
Qxc6 25. Nxc6 Rd7 26. Nd4 g6 27. f4 Kh7 28. Nc6 1/2-1/2

[Event "EU-ch 12th"]
[Site "Aix les Bains"]
[Date "2011.03.30"]
[Round "8"]
[White "Markos, Jan"]
[Black "Matlakov, Maxim"]
[Result "0-1"]
[WhiteElo "2546"]
[BlackElo "2625"]
[Annotator "Marchand,A/Primel,D"]
[PlyCount "78"]
[EventDate "2011.03.22"]
[EventType "swiss"]
[EventRounds "11"]
[EventCountry "FRA"]
[SourceTitle "CBM 142 Extra"]
[Source "ChessBase"]
[SourceDate "2011.06.27"]
[SourceVersion "1"]
[SourceVersionDate "2011.06.27"]
[SourceQuality "1"]
[TimeControl "40/5400+30:1800+30"]

1. d4 d5 2. c4 c6 3. Nc3 Nf6 4. e3 e6 5. Nf3 Nbd7 6. Qc2 Bd6 7. e4 (7. Bd3) (7.
b3 O-O 8. Be2 Re8 (8... dxc4 9. bxc4 e5 10. O-O Re8 11. Rd1 Qe7 12. Rb1 e4 13.
Nd2 Nf8 14. c5 $14) 9. Bb2 dxc4 10. bxc4 e5) 7... dxe4 8. Nxe4 Nxe4 9. Qxe4 c5
10. Bg5 Be7 11. Bxe7 Qa5+ $1 12. Ke2 (12. Nd2 {Plus simple même si les GMI
préfèrent la ligne Ke2} Kxe7 13. O-O-O cxd4 14. Qxd4 Qe5 15. Qh4+ Nf6 16. f4 {
Kharlov,A (2600)-Lastin,A (2558) Novgorod op 1999 (3) 1/2} (16. Nf3 Qc7 17. Kb1
Bd7 18. Bd3 Rac8 19. Rhe1 Rhd8 20. Ne5 $1 {[%cal Gg2g4,Gg4g5,Ge5c4]} (20. g4 {
[%cal Gc7f4]}) 20... Kf8)) 12... Kxe7 13. g3 {[%csl Re2] Malgré l'avantage
d'espace, il n'est pas facile de terminer le développement des Blancs et les
Noirs n'ont pas de problèmes pour égaliser} Rd8 $1 {[%csl Rd4][%cal Ge7f8]} 14.
Bg2 (14. Qxh7 $6 Qb6 $15 {[%csl Rb2,Rd4,Re2]}) 14... cxd4 15. Qxd4 Nf6 16. Qe3
(16. Qf4 $142 {[%csl Gf4]} Bd7 {[%cal Gd7c6]} 17. Ne5 $1 Be8 18. Rhd1 $14 Qb6
19. b3 Rxd1 20. Rxd1 Rd8 21. Rxd8 Qxd8 ({RR} 21... Kxd8) 22. Bxb7 Qa5 23. Qe3 (
{RR} 23. a4 Qb6 24. Qf3 Bxa4 25. bxa4 Qb2+ 26. Kf1 Qxe5 27. Qa3+ Qd6 28. c5)
23... Qxa2+ 24. Kf1 Qa5 25. Bf3 Qb6 26. c5 Bb5+ 27. Kg2 Qc7 28. c6 a6 29. Qc5+
Ke8 30. b4 Nd5 {Kramnik,V (2772)-Gelfand,B (2733)/Dortmund 2007/[Krasenkow]/
1-0 (62)}) ({RR} 16. Qe5 Rd2+ 17. Ke1 Qxe5+ 18. Nxe5 Rxb2 19. Nd3 Rc2 20. c5
Rb8 21. Kd1 Rc4) 16... Ng4 17. Qe4 $6 $146 ({RR} 17. Qg5+ Qxg5 18. Nxg5 Bd7 19.
b3 {1/2-1/2 Hernandez,I (2294)-Gomez Anadon,D (2229)/Pamplona 2003} {RR} f6 ({
RR} 19... h6 20. Nh3 Rab8 21. f4 ({RR} 21. Nf4 Ne5) 21... Bc6 22. Bxc6 bxc6 23.
Ng1 e5 24. h3 Nf6) 20. Nh3 Rab8 21. Nf4 Ne5 22. Rhd1 b5 23. Nd3 Nxd3 24. Rxd3
bxc4 25. bxc4 Rb2+ 26. Ke3 Bc8 {RR} 27. Rxd8 Kxd8 28. h4 Kc7 29. Bf1 h6 30. f4
Bd7 31. Be2 Bc6 32. h5 Kd6 33. g4 Ke7 34. a3 Rb3+ 35. Kd4 Kd6 36. c5+ Kd7 37.
g5 hxg5 38. fxg5 fxg5 39. Rg1 e5+ 40. Kc4 Rb2 41. Rxg5 Bb5+ {Nikolaidis,I 
(2520)-Gurevich,M (2634)/Cannes 2005/0-1 (48)}) 17... f5 $1 18. Qc2 Qc5 $1 {
[%csl Rf2]} 19. Kf1 {[%csl Rh1]} Bd7 20. h3 Nf6 21. Qc3 {[%cal Gc3g7]} (21. Ke2
$2 Ne4) 21... Bc6 (21... Kf8 $5 {[%cal Gf6e4,Gf8g7]}) 22. Re1 Be4 $17 {[%csl
Ge4,Rf1,Rh1][%cal Gd8d3] Les Blancs jouent avec une pièce de moins} 23. Re3
Rac8 24. Nd2 Qd4 25. Nxe4 fxe4 26. Qb4+ Ke8 27. Kg1 Rxc4 28. Qxb7 Rd7 29. Qb8+
Kf7 30. g4 Rc2 $19 31. Qf4 g5 32. Qxg5 Qxb2 33. Qf4 Rdd2 34. Rb3 Qd4 35. Rb7+
Kg6 36. Rh2 Rd1+ 37. Bf1 Qd3 38. Rg2 Qxf1+ 39. Kh2 Qh1+ 0-1